000 00926nam a22002417a 4500
008 240605b mp ||||| |||| 00| 0 mon d
020 _a978-9919-517-42-7
035 _a25550
040 _aHE0623081
_bmon
_cMN-UlNLM
_dMN-UlNLM
_erda
041 _amon
042 _a59388
084 _2NNA
_a84(5Мон)-44
_bТ.594
100 _aТөрмөнх Б.
245 0 _aД.Нацагдорж
264 _aУБ.
_bМонсудар хэвлэлийн газар
_c2022
300 _a64х.
336 _2rdacontent
_atext
_btxt
337 _2rdamedia
_aunmediated
_bn
338 _2rdacarrier
_avolume
_bnc
650 _aЭнэ удаагийн түүвэрт урьд удаагийн түүврүүдээс илүү олон зохиол орсон нь сайшаалтай.Нацагдоржийн бичсэн тайзан дээр тавигдаагүй,...
942 _2NNA
_cBK
999 _c895230
_d895287